LEADER 01159nam a2200301 i 4500 001 991000862809707536 005 20020507174743.0 008 940503s1985 us ||| | eng 020 $a038796052X 035 $ab10767794-39ule_inst 035 $aLE01303477$9ExL 040 $aDip.to Matematica$beng 082 0 $a530.13 084 $aAMS 60K35 084 $aAMS 82A05 (1985) 100 1 $aEllis, Richard Steven$0476698 245 10$aEntropy, large deviations, and statistical mechanics /$cRichard S. Ellis 260 $aNew York ; Berlin :$bSpringer-Verlag,$c1985 300 $axiv, 364 p. ;$c24 cm. 490 0 $aGrundlehren der mathematischen Wissenschaften = A series of comprehensive studies in mathematics,$x0072-7830 ;$v271 650 0$aRandom processes 650 0$aStatistical mechanics 907 $a.b10767794$b23-02-17$c28-06-02 912 $a991000862809707536 945 $aLE013 60K ELL11 (1985)$g1$i2013000028484$lle013$o-$pE0.00$q-$rl$s- $t0$u1$v1$w1$x0$y.i10864374$z28-06-02 996 $aEntropy, large deviations, and statistical mechanics$9245077 997 $aUNISALENTO 998 $ale013$b01-01-94$cm$da $e-$feng$gus $h0$i1 LEADER 02064oam 2200493Ia 450 001 9910701570603321 005 20120427120302.0 035 $a(CKB)5470000002419380 035 $a(OCoLC)213360504 035 $a(EXLCZ)995470000002419380 100 $a20080312d2006 ua 0 101 0 $aeng 135 $aurmn||||||||| 181 $ctxt$2rdacontent 182 $cc$2rdamedia 183 $acr$2rdacarrier 200 10$aBehavior of fiber-reinforced polymer composite piles under vertical loads$b[electronic resource] /$f[Ilan Juran and Uri Komornik] 210 1$aMcLean, VA :$cU.S. Dept. of Transportation, Federal Highway Administration, Research, Development, and Technology, Turner-Fairbank Highway Research Center,$d[2006] 215 $a1 online resource (100 unnumbered pages) $cillustrations (some color) 300 $aTitle from title screen (viewed on Apr. 27, 2012). 300 $a"August 2006." 300 $a"Performing organization, Urban Utility Center, Polytechnic University"--Rept. documentation p. 300 $a"Publication No. FHWA-HRT-04-107." 300 $a"HRDI-06/08-06(1M)E"--P. [100]. 320 $aIncludes bibliographical references (pages 85-89). 517 3 $aBehavior of fiber-reinforced polymer (FRP) composite piles under vertical loads 606 $aPiling (Civil engineering) 606 $aFibrous composites 606 $aLoad factor design 615 0$aPiling (Civil engineering) 615 0$aFibrous composites. 615 0$aLoad factor design. 700 $aJuran$b Ilan$01393219 712 02$aUnited States.$bFederal Highway Administration.$bOffice of Infrastructure Research and Development. 712 02$aPolytechnic University (Brooklyn, New York, N.Y.).$bUrban Utility Center. 712 02$aTurner-Fairbank Highway Research Center. 801 0$bFHATR 801 1$bFHATR 801 2$bOCLCQ 801 2$bGPO 906 $aBOOK 912 $a9910701570603321 996 $aBehavior of fiber-reinforced polymer composite piles under vertical loads$93449090 997 $aUNINA LEADER 01033nam 2200373 450 001 9910824523603321 005 20230803015713.0 010 $a2-8062-4953-8 035 $a(CKB)3820000000022688 035 $a(Au-PeEL)EBL4465954 035 $a(CaPaEBR)ebr11192409 035 $a(OCoLC)946261591 035 $a(MiAaPQ)EBC4465954 035 $a(EXLCZ)993820000000022688 100 $a20160516h20132013 uy 0 101 0 $afre 135 $aurcnu|||||||| 181 $2rdacontent 182 $2rdamedia 183 $2rdacarrier 200 10$aMachiavel /$fdocument re?dige? par Dominique Coutant-Defer 210 1$a[Place of publication not identified] :$clePetitLitteraire.fr,$d2013. 210 4$dİ2013 215 $a1 online resource (22 pages) 225 0 $aFiche Philosophe 676 $a852.3 700 $aCoutant-Defer$b Dominique$01112765 801 0$bMiAaPQ 801 1$bMiAaPQ 801 2$bMiAaPQ 906 $aBOOK 912 $a9910824523603321 996 $aMachiavel$94075534 997 $aUNINA